LEADER 02273oas 2200697 a 450 001 9910703116303321 005 20250716213021.0 011 $a2378-0061 035 $a(OCoLC)733290743 035 $a(CONSER) 2011230279 035 $a(CKB)3880000000004270 035 $a(EXLCZ)993880000000004270 100 $a20110628a20089999 ua a 101 0 $aeng 135 $aur||||||||||| 181 $ctxt$2rdacontent 182 $cc$2rdamedia 183 $acr$2rdacarrier 200 00$aFlavor quality evaluation of strawberry breeding lines ... annual report 210 $a[Washington, D.C.] $cU.S. Dept. of Agriculture, Agricultural Research Service 215 $cHTML files 531 0 $aFlavor qual. eval. strawb. breed. lines annu. rep. 606 $aStrawberries$xHybridization$zFlorida$vPeriodicals 606 $aStrawberries$xVarieties$vPeriodicals 606 $aFruit$xFlavor and odor$zFlorida$vPeriodicals 606 $aFraises$xVarie?te?s$vPe?riodiques 606 $aFruits$zFloride$xSaveur et odeur$vPe?riodiques 606 $aFruit$xFlavor and odor$2fast$3(OCoLC)fst00935577 606 $aStrawberries$xVarieties$2fast$3(OCoLC)fst01134512 607 $aFlorida$2fast$1https://id.oclc.org/worldcat/entity/E39QbtfRBghXPwB89fbdFYcHbM 608 $aPeriodicals.$2fast 608 $aPeriodicals.$2lcgft 615 0$aStrawberries$xHybridization 615 0$aStrawberries$xVarieties 615 0$aFruit$xFlavor and odor 615 6$aFraises$xVarie?te?s 615 6$aFruits$xSaveur et odeur 615 7$aFruit$xFlavor and odor. 615 7$aStrawberries$xVarieties. 676 $a575.67 712 02$aQuality and Utilization of Agricultural Products National Program (U.S.) 712 02$aUnited States.$bAgricultural Research Service. 801 0$bGPO 801 1$bGPO 801 2$bOCLCQ 801 2$bDLC 801 2$bOCLCQ 801 2$bOCLCA 801 2$bOCLCF 801 2$bGILDS 801 2$bOCLCO 801 2$bOCLCA 801 2$bOCLCQ 801 2$bOCLCL 801 2$bDOS 801 2$bMLU 801 2$bOCLCL 906 $aJOURNAL 912 $a9910703116303321 996 $aFlavor quality evaluation of strawberry breeding lines ... annual report$93152163 997 $aUNINA